Politika tretej cesty rozkladá hospodársky systém
Usporiadanie spoločenského systému a jeho účinky na hospodársky vývoj. Rôznorodé predstavy (vízie) rozvoja Slovenska, Európy a sveta. Odlišné kapitalizmy v USA a v Európe hlavne vo výkonnosti ich hospodárstiev. Tretia cesta - ako voľba medzi dvoma systémovými krajnosťami.
Salvato in:
| Autore principale: | |
|---|---|
| Natura: | Capitolo di libro |
| Lingua: | slovacco |
| Soggetti: | |
| Tags: |
Nessun Tag, puoi essere il primo ad aggiungerne!!
|
MARC
| LEADER | 00000naa a2200000 4500 | ||
|---|---|---|---|
| 001 | r045797 | ||
| 005 | 20230925125850.1 | ||
| 041 | 0 | |a slo | |
| 044 | |a SK | ||
| 245 | 1 | 0 | |a Politika tretej cesty rozkladá hospodársky systém |c Jozef Dančo |
| 520 | |a Usporiadanie spoločenského systému a jeho účinky na hospodársky vývoj. Rôznorodé predstavy (vízie) rozvoja Slovenska, Európy a sveta. Odlišné kapitalizmy v USA a v Európe hlavne vo výkonnosti ich hospodárstiev. Tretia cesta - ako voľba medzi dvoma systémovými krajnosťami. | ||
| 610 | 2 | 0 | |a systémy politické |
| 610 | 2 | 0 | |a vývoj hospodársky |
| 610 | 2 | 0 | |a kapitalizmus |
| 610 | 2 | 0 | |a kapitalizmus štátny |
| 610 | 2 | 0 | |a politika hospodárska |
| 610 | 2 | 0 | |a politika hospodárska medzinárodná |
| 610 | 2 | 0 | |a Slovensko |
| 610 | 2 | 0 | |a Európa |
| 610 | 2 | 0 | |a USA |
| 100 | 1 | |a Dančo, Jozef | |